000 01613nam a2200445 i 4500
001 27599
003 KOSZ 005
005 20220530132400.0
008 020321s1977 pl a |001 0 pol
015 _aPB 1977/7301
035 _a(OCoLC)749869279
040 _aWA N
_cWA N
_dKOSZ 005/HR
041 1 _apol
_heng
046 _k1970
080 _a159.9:51
080 _a159.938
100 1 _aCoombs, Clyde Hamilton
_d(1912-1988)
_eAutor
245 1 0 _aWprowadzenie do psychologii matematycznej /
_cC. H. Coombs, R. M. Dawes, A. Tversky ; [tł. z ang. Janusz Grzelak et al.].
246 1 _iTyt. oryg.:
_aMathematical psychology :
_ban elementary introduction,
_f1970.
260 _aWarszawa :
_bPaństwowe Wydawnictwo Naukowe,
_c1977.
300 _a530, [1] s. :
_bil., tab., wykr., err. ;
_c21 cm.
380 _aKsiążki
388 _a1901-2000
388 _a1945-1989
490 1 _aBiblioteka Psychologii Współczesnej.
500 _aBibliogr. Indeksy.
650 4 _aDecyzje
650 4 _aPsychologia matematyczna
650 4 _aPsychometria
650 4 _aTeoria informacji
650 4 _aUczenie się
658 _aPsychologia
700 1 _aTversky, Amos
_eAutor
700 1 _aGrzelak, Janusz
_d(1941- )
_eTłumaczenie
700 1 _aDawes, Robyn M.
_d(1936-2010)
_eAutor
710 _aPaństwowe Wydawnictwo Naukowe
_4pbl
830 0 _aBiblioteka Psychologii Współczesnej
856 _uhttp://koha.tu.koszalin.pl/cgi-bin/koha/opac-detail.pl?biblionumber=27599
_yKatalog online BPK
942 _2UKD
_cKS
999 _c27599
_d27599